00370nam a2200109Ia 4500008004100000100002100041245006600062260003600128300001800164650001000182856006800192160712s9999 xx 000 0 und d aBanzon, Isabela. cIsabela BanzonaX / Cliché Moves / Found Photographs / Cebu c2011bReview of Women's Studies avol. 21 no. 2 xWOMEN uhttp://journals.upd.edu.ph/index.php/rws/issue/view/440/showToc